Nové elektródové materiály pri riešení úloh farmaceutickej a klinickej analýzy

Salvato in:
Dettagli Bibliografici
Autore principale: Strežová, Ivana (Autore)
Altri autori: Švorc, Ľubomír (Relatore della tesi)
Natura: Manoscritto Libro
Lingua:slovacco
Pubblicazione: 2018
Soggetti:
Accesso online:http://is.stuba.sk/zp/portal_zp.pl?podrobnosti=136390
Tags: Aggiungi Tag
Nessun Tag, puoi essere il primo ad aggiungerne!!

MARC

LEADER 00000ntm a22000003a 4500
001 stuzp69846
003 SK-STU
005 20180602211352.3
007 ta
008 150427s2015----xo-----f-mn---000-0-slo-d
040 |a STU  |b slo 
041 0 |a slo 
100 1 |a Strežová, Ivana  |u 041000  |4 aut  |U FCHPT Fakulta chemickej a potravinárskej technológie  |T FCHPT Ústav analytickej chémie  |X 65887  |U C1000  |Y 99  |7 65887 
242 0 1 |a Novel electrode materials in solving the issues of pharmaceutical and clinical analysis  |y eng 
245 1 0 |a Nové elektródové materiály pri riešení úloh farmaceutickej a klinickej analýzy 
260 |c 2018 
650 4 |a ibuprofén  |2 slo 
650 4 |a square-wave voltampérometria  |2 slo 
650 4 |a diferenčná pulzová voltampérometria  |2 slo 
650 4 |a farmaceutické vzorky  |2 slo 
650 4 |a bórom dopovaný diamant  |2 slo 
650 4 |a výťažnosť  |2 slo 
650 4 |a ibuprofen  |2 eng 
650 4 |a boron-doped diamond  |2 eng 
650 4 |a differential pulse voltammetry  |2 eng 
650 4 |a square-wave voltammetry  |2 eng 
650 4 |a pharmaceutical samples  |2 eng 
650 4 |a recovery  |2 eng 
700 1 |a Švorc, Ľubomír  |u 041000  |k Z1  |4 ths  |U FCHPT Fakulta chemickej a potravinárskej technológie  |T FCHPT Ústav analytickej chémie  |X 19350  |U C1000  |Y 99  |7 A000019350 
856 4 |u http://is.stuba.sk/zp/portal_zp.pl?podrobnosti=136390